000 00514nam a2200193Ia 4500
005 20250508152454.0
008 008 250505s9999 xx 000 0 eng d
037 _aTextual
040 _aFEDL
_beng
_cFEDL
041 _aeng
_2eng
084 _a954.87, KAR
_qFEDL
100 _aHukkerikar M A
_9761557
245 0 _aKarnataka darshana
260 _aBombay, India
_bS. Hukkerikar
_c1955
300 _axv,560p.
365 _aINR
_b28
942 _cTEXL
_h954.87, KAR
999 _c1336640
_d1336640